Country Star Deluxe Difficulties #5 - Statistics

General Stats
  • This quiz has been taken 5 times
  • The average score is 11 of 15
Answer Stats
Hint Extra Hint Answer % Correct
23 Chayce Beckham Hard
100%
A Life Where We Work Out Flatland Cavalry, Kaitlin Butts Hard
75%
The Kind of Love We Make Luke Combs Hard
75%
Parachute Chris Stapleton Hard
75%
Lucky Megan Moroney Hard
75%
Shakin' In My Boots MaRynn Taylor Hard
75%
Sweet Home Alabama Lynyrd Skynyrd Hard
75%
Achy Breaky Heart Billy Ray Cyrus Hard
75%
In Hell I'll Be in Good Company The Dead South Hard
75%
Redneck Yacht Club Craig Morgan Hard
75%
Go Rest High on That Mountain Vince Gill Normal
75%
Firestarter 38 Special Hard
50%
One Way Ticket (Because I Can) LeAnn Rimes Hard
50%
LFG Nate Smith Hard
50%
Russell County Line 49 Winchester Hard
50%
No matching quizzes found
Score Distribution
Percent of People with Each Score
Percentile by Number Answered
Your Score History
You have not taken this quiz